[Event "NCA-ch Fase 2"]
[Site "Managua"]
[Date "2022.02.06"]
[Round "8"]
[White "Rodriguez, Fausto"]
[Black "Salgado, Wilbert"]
[Result "1/2-1/2"]
[WhiteElo "1962"]
[BlackElo "1601"]
[PlyCount "105"]
[EventDate "2022.01.22"]
[EventType "swiss"]
[EventRounds "9"]
[EventCountry "NCA"]
[SourceTitle "CBM 207 Extra"]
[Source "ChessBase"]
[SourceDate "2022.05.31"]
[SourceVersion "1"]
[SourceVersionDate "2022.05.31"]
[SourceQuality "1"]

1. e4 e6 2. d4 d5 3. Nc3 Nf6 4. Bg5 Be7 5. e5 Nfd7 6. Bxe7 Qxe7 7. f4 0-0 8. Nf3 a6 9. Bd3 f5 10. 0-0 c5 11. dxc5 Nxc5 12. Kh1 Nc6 13. Ne2 Ne4 14. c3 Bd7 15. Qe1 Be8 16. Ned4 Bh5 17. Rc1 Bxf3 18. gxf3 Nc5 19. Bb1 Rac8 20. Rg1 Nd7 21. Qf2 Rfd8 22. Nb3 Nf8 23. Rg3 Ng6 24. Rcg1 Qh4 25. Nc5 Qe7 26. Nd3 Rc7 27. Rg5 Qe8 28. h4 Rdc8 29. Qg3 Qf8 30. h5 Nh8 31. Qh2 Re7 32. R5g3 Rcc7 33. Qf2 Qe8 34. Rh3 Nd8 35. Nc5 Qb5 36. Nb3 Qe8 37. Nd4 Nc6 38. Nb3 Nf7 39. Bd3 Nfd8 40. Qh4 Kh8 41. a3 Rf7 42. Qf2 Qe7 43. Qb6 Nb8 44. Rd1 Rc6 45. Qe3 b5 46. Qe2 Nb7 47. Nd4 Rc8 48. a4 Nc5 49. axb5 axb5 50. Rg1 Ncd7 51. Rg6 Nf8 52. Rg1 Qc5 53. Qe3 1/2-1/2

[Event "NCA-ch Fase 2"]
[Site "Managua"]
[Date "2022.02.06"]
[Round "9"]
[White "Salgado, Wilbert"]
[Black "Martinez Gutierrez, Camila Renata"]
[Result "1-0"]
[WhiteElo "1601"]
[BlackElo "1276"]
[PlyCount "115"]
[EventDate "2022.01.22"]
[EventType "swiss"]
[EventRounds "9"]
[EventCountry "NCA"]
[SourceTitle "CBM 207 Extra"]
[Source "ChessBase"]
[SourceDate "2022.05.31"]
[SourceVersion "1"]
[SourceVersionDate "2022.05.31"]
[SourceQuality "1"]

1. d4 e6 2. Nc3 d5 3. Nf3 Nf6 4. e3 c5 5. Be2 c4 6. 0-0 Bd6 7. Ne5 Qe7 8. f4 Nbd7 9. Bf3 0-0 10. Bd2 Ne8 11. Be1 f6 12. Ng4 b6 13. Ne2 Bb7 14. c3 e5 15. dxe5 Nc7 16. exd6 Qxd6 17. Nd4 f5 18. Nf2 Qh6 19. Qc2 Qg6 20. Nh1 Rae8 21. Bf2 Nc5 22. Ng3 Qd6 23. Ndxf5 Qd7 24. Bg4 Qd8 25. Rad1 Nd3 26. Nd4 g6 27. Bf3 Qe7 28. b3 Nxf2 29. Qxf2 Qxe3 30. Qxe3 Rxe3 31. bxc4 Rxc3 32. cxd5 Bxd5 33. Bxd5+ Nxd5 34. Ne6 Ne3 35. Nxf8 Nxf1 36. Nxf1 Kxf8 37. Rd7 Ra3 38. Rd2 Ke7 39. Kf2 Rc3 40. Ne3 Rc5 41. g3 h5 42. Kf3 Ke6 43. h3 a5 44. Rb2 b5 45. Rc2 Rxc2 46. Nxc2 b4 47. Ke4 Kf6 48. g4 hxg4 49. hxg4 g5 50. f5 Kf7 51. Ke5 Ke7 52. f6+ Kf7 53. Kf5 Kf8 54. Kxg5 Kf7 55. Kf5 Kf8 56. g5 Kf7 57. g6+ Kf8 58. Ke6 1-0

[Event "NCA-ch sf"]
[Site "Managua"]
[Date "2018.02.24"]
[Round "7"]
[White "Berrios, Natanael"]
[Black "Salgado, Wilbert"]
[Result "1-0"]
[WhiteElo "1772"]
[BlackElo "1635"]
[PlyCount "107"]
[EventDate "2018.02.10"]
[EventType "swiss"]
[EventRounds "9"]
[EventCountry "NCA"]
[SourceTitle "CBM 183 Extra"]
[Source "ChessBase"]
[SourceDate "2018.04.19"]
[SourceVersion "1"]
[SourceVersionDate "2018.04.19"]
[SourceQuality "1"]

1. d4 e6 2. Bf4 d5 3. e3 Nf6 4. Nd2 Be7 5. Ngf3 0-0 6. Bd3 c5 7. c3 Nc6 8. h3 Qb6 9. Qc1 Bd7 10. 0-0 Rac8 11. a4 a6 12. Qb1 c4 13. Bc2 Na5 14. Ne5 h6 15. Ndf3 Be8 16. Ra2 Nd7 17. Qd1 Qd8 18. Bb1 f5 19. Nxd7 Bxd7 20. Ne5 Be8 21. Bh2 Bf6 22. Bc2 Bxe5 23. Bxe5 Qg5 24. Bf4 Qe7 25. Qf3 g6 26. Bxh6 Rf7 27. Qg3 Rh7 28. Bg5 Qf7 29. Raa1 Nc6 30. Bd1 Bd7 31. h4 Re8 32. f4 Kg7 33. Kf2 Na5 34. h5 Rg8 35. Rh1 Nb3 36. h6+ Kh8 37. Qh4 Rf8 38. Bxb3 cxb3 39. Ra3 Kg8 40. Rha1 Qe8 41. Qh1 b5 42. axb5 Bxb5 43. Rxb3 Qc6 44. Rb4 Ra7 45. Ra5 Kh7 46. Rbxb5 Qxb5 47. Rxb5 axb5 48. Qf1 Rb8 49. Qe2 Rc7 50. g4 Rc4 51. gxf5 exf5 52. Qf3 Rbc8 53. Qxd5 b4 54. Qf7+ 1-0

[Event "NCA-ch op"]
[Site "Managua"]
[Date "2017.09.10"]
[Round "6"]
[White "Salgado, Wilbert"]
[Black "Granados Lopez, Fidel"]
[Result "1/2-1/2"]
[WhiteElo "1693"]
[BlackElo "1769"]
[PlyCount "90"]
[EventDate "2017.09.02"]
[EventType "swiss"]
[EventRounds "9"]
[EventCountry "NCA"]
[SourceTitle "EXT 2018"]
[Source "ChessBase"]
[SourceDate "2017.10.13"]
[SourceVersion "1"]
[SourceVersionDate "2017.10.13"]
[SourceQuality "1"]

1. d4 d5 2. e4 dxe4 3. Nc3 c5 4. d5 Nf6 5. Bg5 e6 6. Bb5+ Bd7 7. dxe6 fxe6 8. Bxd7+ Nbxd7 9. Nxe4 Qa5+ 10. Qd2 Qxd2+ 11. Nxd2 Be7 12. Ngf3 h6 13. Bh4 0-0 14. 0-0 Rae8 15. Rae1 Bd6 16. Nc4 Bc7 17. Bg3 Bxg3 18. hxg3 Nd5 19. Nd6 Re7 20. Ne5 Nxe5 21. Rxe5 Rd8 22. Ne4 b6 23. Rd1 Rdd7 24. c4 Nc7 25. Rxd7 Rxd7 26. Nc3 Kf7 27. Kf1 Kf6 28. f4 Ne8 29. Ke2 Rd4 30. b3 Nd6 31. Kf3 g5 32. a4 Rd3+ 33. Re3 Rxe3+ 34. Kxe3 Nf5+ 35. Kf2 Nd4 36. Ne4+ Kf5 37. Nd6+ Kg4 38. fxg5 hxg5 39. Nc8 Nxb3 40. Nxa7 Na5 41. Nb5 Nxc4 42. Nc3 Nb2 43. Ne4 Nxa4 44. Nf6+ Kf5 45. Nh5 c4 1/2-1/2

[Event "Managua Ramirez de Arellano Memorial"]
[Site "Managua"]
[Date "2017.07.16"]
[Round "2"]
[White "Salgado, Wilbert"]
[Black "Izaba, Rodolfo"]
[Result "0-1"]
[WhiteElo "1703"]
[BlackElo "2056"]
[PlyCount "82"]
[EventDate "2017.07.15"]
[EventType "swiss"]
[EventRounds "9"]
[EventCountry "NCA"]
[SourceTitle "EXT 2018"]
[Source "ChessBase"]
[SourceDate "2017.10.13"]
[SourceVersion "1"]
[SourceVersionDate "2017.10.13"]
[SourceQuality "1"]

1. d4 Nf6 2. Nf3 e6 3. e3 c5 4. Bd3 Nc6 5. 0-0 Be7 6. c3 0-0 7. Nbd2 b6 8. Qc2 h6 9. e4 cxd4 10. Nxd4 Bb7 11. N2b3 Ne5 12. Bf4 Nxd3 13. Qxd3 Bxe4 14. Qe3 Bg6 15. Qh3 Nd5 16. Bd2 e5 17. Nf3 d6 18. Rad1 Qc8 19. Qg3 Nf6 20. Qh4 Qg4 21. Qxg4 Nxg4 22. h3 Nf6 23. Bc1 Rfc8 24. Rfe1 a5 25. Re2 a4 26. Nbd2 Bd3 27. Re3 Bc2 28. Rf1 Nd5 29. Re4 Bxe4 30. Nxe4 a3 31. Rd1 axb2 32. Bxb2 Rxa2 33. Rd2 Nf4 34. Ne1 d5 35. Ng3 g6 36. Nf1 d4 37. cxd4 Bb4 38. Rc2 Rxc2 39. Nxc2 Rxb2 40. Nxb4 Rxb4 41. dxe5 Rb1 0-1